Count Teleki and the discovery of Lakes Rudolf and Stefanie /

Bibliographic Details
Main Author: Höhnel, Ludwig, Ritter von, 1857-1942
Other Authors: Richards, Charles (Charles Granston) (Editor)
Format: Book
Language:English
Published: London : Macmillan, [1960]
Series:Early travellers in East Africa series.
Subjects:

MARC

Tag First Indicator Second Indicator Subfields
LEADER 00000cam a2200000I 4500
001 in00002336621
005 20151108042833.0
008 740617s1960 enkab 000 0 eng c
010 |a  62000808  
015 |a GB60-10322 
029 1 |a UKM  |b b6010322 
029 1 |a NLGGC  |b 185282644 
035 |a (OCoLC)ocm00920612 
035 |a (OCoLC)920612 
040 |a RRR  |c RRR  |d UKM  |d OCL  |d OCLCQ  |d TXA  |d UtOrBLW 
041 1 |a eng  |h ger 
043 |a fc----- 
049 |a TXAM 
050 0 0 |a DT361  |b .H714 
082 0 4 |a 916.762044  |2 18 
090 |a DT361  |b .H714 1960 
100 1 |a Höhnel, Ludwig,  |c Ritter von,  |d 1857-1942. 
245 1 0 |a Count Teleki and the discovery of Lakes Rudolf and Stefanie /  |c edited by C.G. Richards. In association with the East African Literature Bureau. 
264 1 |a London :  |b Macmillan,  |c [1960] 
264 4 |c ©1960 
300 |a 85 pages :  |b illustrations, map ;  |c 19 cm. 
336 |a text  |b txt  |2 rdacontent 
337 |a unmediated  |b n  |2 rdamedia 
338 |a volume  |b nc  |2 rdacarrier 
490 1 |a Early travellers in East Africa 
500 |a "Compiled from The discovery of Lakes Rudolf and Stefanie by Lieutenant von Höhnel [translation of Zum Rudolph- und Stephanie- See]." 
600 1 0 |a Teleki, Sámuel,  |c gróf,  |d 1845-1916. 
651 0 |a Africa, Central  |x Description and travel. 
700 1 |a Richards, Charles  |q (Charles Granston),  |e editor. 
830 0 |a Early travellers in East Africa series. 
994 |a C0  |b TXA 
948 |a cataloged  |b h  |c 2007/9/25  |d c  |e mjackson  |f 11:58:59 am 
999 |a MARS 
999 f f |s b02257de-bd17-34a1-9b0e-1572758a2197  |i 4ebd7e27-9ae7-378b-ace2-3994552bc3e4  |t 0 
952 f f |p noncirc  |a Texas A&M University  |b College Station  |c Cushing Memorial Library & Archives  |d Cushing: Area Studies/Africana (Does not check out)  |t 0  |e DT361 .H714 1960  |h Library of Congress classification  |i unmediated -- volume 
998 f f |a DT361 .H714 1960  |t 0  |l Cushing: Area Studies/Africana (Does not check out)